000 00676nam a2200217Ia 4500
003 OSt
005 20251212115052.0
008 220917b |||||||| |||| 00| 0 eng d
037 _cTB
040 _aARTS
_cARTS
_beng
041 _2eng
_aeng
084 _aQ4v L8(TB)
_qAL
100 _aDavids, T W Rhys
_927436
245 0 _aOutlines of Buddhism:
_b a historical sketch
260 _aNew Delhi, India:
_bOriental Books Reprint Corporation,
_c1978.
300 _aix,117p.
_ccm.
500 _aOriginally published by Methuen , London in 1938
650 _aBUDDHISM; RELIGION
_9856238
942 _hQ4v L8
_cTB
_2CC
_n0
999 _c191320
_d191320